20 Biggest Cities in South Dakota - Statistics

General Stats
  • This quiz has been taken 65 times
  • The average score is 10 of 20
Answer Stats
Hint Answer % Correct
210,734 Sioux Falls
100%
80,896 Rapid City
87%
13,821 Pierre
85%
28,002 Aberdeen
67%
23,413 Watertown
65%
24,629 Brookings
59%
15,607 Mitchell
57%
13,635 Spearfish
57%
15,697 Yankton
57%
14,737 Huron
54%
7,056 Sturgis
54%
12,108 Vermillion
50%
10,934 Brandon
35%
5,952 Belle Fourche
30%
14,512 Box Elder
28%
7,948 Tea
28%
10,297 Harrisburg
24%
6,068 Madison
22%
3,825 Dell Rapids
20%
3,696 Hartford
9%
No matching quizzes found
Score Distribution
Percent of People with Each Score
Percentile by Number Answered
Your Score History
You have not taken this quiz